Excavaciones en Ehnasya el Medina : Heracleópolis Magna.

محفوظ في:

مؤلفون آخرون: Pérez-Die, María del Carmen

التنسيق: كتاب

اللغة: Spanish
English
Ancient Egyptian

منشور في: Madrid : Ministerio de Cultura, Dirección General de Bellas Artes y Archivos, Instituto de Conservación y Restauración de Bienes Culturales, 1992-1995.

الطبعة: 1a. ed.

سلاسل: Informes arqueológicos. Egipto ; 1-2.

الموضوعات:

الوسوم: إضافة وسم

لا توجد وسوم, كن أول من يضع وسما على هذه التسجيلة!

رقم الطلب: DT73 .H44 P47 v.1-2

LEADER 01326nam a22003017a 4500
003 OSt
005 20251209075516.0
008 251209m19929999sp ae b 001 0 spa d
010 |a 94194664 
020 |a 8474838924 (v. 1) 
020 |a 8481811068 (v. 2) 
040 |c ARCE Library 
041 1 |a spa  |a eng  |a egy  |h egy 
050 1 4 |a DT73 .H44  |b P47 v.1-2 
245 0 0 |a Excavaciones en Ehnasya el Medina :   |b Heracleópolis Magna. 
250 |a 1a. ed. 
264 1 |a Madrid :   |b Ministerio de Cultura, Dirección General de Bellas Artes y Archivos, Instituto de Conservación y Restauración de Bienes Culturales,   |c 1992-1995. 
300 |a 2 volumes :   |b illustrations, plans ;   |c 27 cm. 
490 0 |a Informes arqueológicos. Egipto ;   |v 1-2. 
500 |a Plans on folded leaves in pockets. 
504 |a Includes bibliographical references and indexes. 
505 0 |a [1] Introducci:on general. Inscripciones / Mar:ia del Carmen P:erez-Die, Pascal Vernus -- [2] La cer:amica / Mar:ia Jos:e L:opez Grande, Fernando Quesada Sanz. Los recipientes de piedra / Miguel Angel Molinero Polo. 
650 0 |a Inscriptions, Egyptian  |z Egypt  |z Heracleopolis Magna (Extinct city) 
651 0 |a Heracleopolis Magna (Extinct city)  |9 16638 
700 1 |a Pérez-Die, María del Carmen, 
901 |a reviewed 
942 |c BK  |2 lcc 
999 |c 27923  |d 27923